<?xml version='1.0' encoding='UTF-8'?>
  <record xmlns="http://www.loc.gov/MARC21/slim">
    <leader>00000cam a2200000 i 4500</leader>
    <controlfield tag="001">ocm65910716</controlfield>
    <controlfield tag="003">OCoLC</controlfield>
    <controlfield tag="005">20250708162646.8</controlfield>
    <controlfield tag="008">050604s1615    ne            000 0 dut d</controlfield>
    <datafield tag="040" ind1=" " ind2=" ">
      <subfield code="a">NLGGC</subfield>
      <subfield code="b">dut</subfield>
      <subfield code="e">fobidrtb</subfield>
      <subfield code="c">NLGGC</subfield>
    </datafield>
    <datafield tag="029" ind1="0" ind2=" ">
      <subfield code="a">NLGGC</subfield>
      <subfield code="b">277284759</subfield>
    </datafield>
    <datafield tag="035" ind1=" " ind2=" ">
      <subfield code="a">(OCoLC)65910716</subfield>
    </datafield>
    <datafield tag="041" ind1="1" ind2=" ">
      <subfield code="a">dut</subfield>
      <subfield code="h">spa</subfield>
    </datafield>
    <datafield tag="245" ind1="0" ind2="0">
      <subfield code="a">Eenighe secreete onderwijsinge des konings van Spangien, aen sijnen lieven soon Philippus den III. desen teghenwoordighen koningh, vervatende hoe hy hem sal reguleren na sijns vaders doot, int regeeren van sijne coningrijcken :</subfield>
      <subfield code="b">mitsgaders, sijn sieckte, doot ende overleveringhe zijn rijcks, oock eenighe vermaninghen aen synen sone Don Philippo de III, en sijne dochter de Infante voor sijn over lijden, als oock den staet van sijnder begravenisse /</subfield>
      <subfield code="c">overgheset uyt het Spaensche in onse Neder-duytsche tale door P.A.P.</subfield>
    </datafield>
    <datafield tag="260" ind1=" " ind2=" ">
      <subfield code="a">Ghedruckt t'Haerlem :</subfield>
      <subfield code="b">by Adriaen Rooman,</subfield>
      <subfield code="c">[ca. 1615]</subfield>
    </datafield>
    <datafield tag="300" ind1=" " ind2=" ">
      <subfield code="c">20 cm.</subfield>
    </datafield>
    <datafield tag="336" ind1=" " ind2=" ">
      <subfield code="a">tekst</subfield>
      <subfield code="b">txt</subfield>
      <subfield code="2">rdacontent/dut</subfield>
    </datafield>
    <datafield tag="337" ind1=" " ind2=" ">
      <subfield code="a">zonder medium</subfield>
      <subfield code="b">n</subfield>
      <subfield code="2">rdamedia/dut</subfield>
    </datafield>
    <datafield tag="338" ind1=" " ind2=" ">
      <subfield code="a">band</subfield>
      <subfield code="b">nc</subfield>
      <subfield code="2">rdacarrier/dut</subfield>
    </datafield>
    <datafield tag="500" ind1=" " ind2=" ">
      <subfield code="a">Mystificatie.</subfield>
    </datafield>
    <datafield tag="510" ind1="0" ind2=" ">
      <subfield code="a">Van Someren 226</subfield>
    </datafield>
    <datafield tag="600" ind1="0" ind2="4">
      <subfield code="a">Filips II,</subfield>
      <subfield code="c">koning van Spanje.</subfield>
    </datafield>
    <datafield tag="600" ind1="0" ind2="4">
      <subfield code="a">Felipe</subfield>
      <subfield code="b">III,</subfield>
      <subfield code="c">koning van Spanje en Portugal,</subfield>
      <subfield code="d">1578-1621.</subfield>
      <subfield code="0">(NL-LeOCL)070851905</subfield>
    </datafield>
    <datafield tag="936" ind1=" " ind2=" ">
      <subfield code="a">BATCHLOAD</subfield>
    </datafield>
  </record>